=LDR 00000nam 2200000 4500 =001 INLIS000000000017138 =005 20130612112326 =008 ***********************************Ind** =035 ##$$0010-061300000017138 =041 ##$$a Ind =082 ##$$a 657 =090 ##$$a 657, Cho a =100 ##$$a Choi, Frederick O.S =245 ##$$a Akuntansi internasional, Frederick O.S Chori Gerhand S. Muller =260 ##$$a 1997 $b Jakarta =300 ##$$a ...jil, 26 cm =650 ##$$a Akuntansi =850 ##$$a NBPNMAT =990 ##$$a 0001/BPAP-NTB/20142015